| 000 | 00000nam##2200000za#4500 |
| 001 | 9.577225 |
| 003 | CaOODSP |
| 005 | 20210624185518 |
| 007 | cr ||||||||||| |
| 008 | 150406|2010||||xxc|||||o f|0| 0 eng|d |
| 022 | |a1920-6615 |
| 040 | |aCaOODSP|beng |
| 043 | |an-cn--- |
| 086 | 1 |aA74-1/4-2010E-PDF |
| 110 | 1 |aCanada. |bAgriculture and Agri-Food Canada. |bInternational Markets Bureau. |
| 245 | 10|aFood labels in Europe - changes to E.U. labelling regulations and new eco-labels in France |h[electronic resource] |
| 260 | |aOttawa - Ontario : |bAgriculture and Agri-Food Canada. |cSeptember 2010. |
| 300 | |a13p.|bfigs., references |
| 490 | 1 |aMarket indicator report |x1920-6615 |
| 590 | |a13-20-Supp|b2013-08-30 |
| 775 | 08|tL'étiquetage des produits alimentaires en Europe - modification de la réglementation sur l'étiquetage de l'Union européenne et nouvelles éco-étiquettes en France |w(CaOODSP)9.606020 |
| 830 | #0|aMarket indicator report,|x1920-6615|w(CaOODSP)9.506358 |
| 856 | 40|ahttp://publications.gc.ca|qPDF|s1.19 MB|uhttps://publications.gc.ca/collections/collection_2013/aac-aafc/A74-1-4-2010-eng.pdf |
| 986 | |aAAFC No. 10744E |